000 01048nam a22002417a 4500
005 20130731153537.0
008 130731b xxu||||| |||| 00| 0 eng d
010 _aB-524271
020 _c350.00
_a9350281791
020 _a9789350281796
035 _aB-524271
037 _bUBH
040 _aDPL
_bhn
082 _a346.54082
100 _aअवतार सिंह
_925423
245 _aबैंककारी विधि एवं परक्राम्य लिखित अधिनियम/
_cby अवतार सिंह
250 _a6ठा संस्क
260 _aलखनऊ
_bईस्टर्न बुक कम्पनी
_c2011
270 _a34, Lalbagh,
_bLucknow
_e226001
300 _axxxix,416पृ.:
_c23सेमी (अजिल्द)
942 _2ddc
_cHN
_mअवता
_h346.54082
999 _c78267
_d78267